Normal view
MARC view
Entry Topical Term
001 - CONTROL NUMBER
- control field: 48379
003 - CONTROL NUMBER IDENTIFIER
- control field: OSt
005 - DATE AND TIME OF LATEST TRANSACTION
- control field: 20160324154805.0
008 - FIXED-LENGTH DATA ELEMENTS
- fixed length control field: 160324|| aca||aabn | a|a d
040 ## - CATALOGING SOURCE
- Original cataloging agency: OSt
- Transcribing agency: OSt
150 ## - HEADING--TOPICAL TERM
- Topical term or geographic name entry element: धर्म
670 ## - SOURCE DATA FOUND
- Source citation: Work cat.: (OSt)46032: परिमल प्रकाश 48134, वेद के देवता : स्वरूप और विज्ञान , 2008









